01245 2200349 4500001002100000005001500021035002000036007000300056008004100059040002200100100012300122245016600245300004500411504003300456020002200489082001400511084001600525090002200541250002600563264003900589336002100628337003000649338002300679650001900702700003200721700002700753700003600780710002300816850001200839999002200851990002200873INLIS00000000087645520230217095531 a0010-0223000323ta230217s2022 yoia g ind d aYOPDYOGbinderda0 aLilla Pastia IlmiepengarangeLilla Pastia IlmiepengarangeLilla Pastia IlmiepengarangeLilla Pastia Ilmiepengarang10aAsuhan kebidanan pada ibu bersalin dan bayi baru lahir /cLilla Pastia Ilmi, Mistika Indriani, Nova Yulita; penyunting, Dewi Sartika Siagaan; ilustrator, Andy Gp ax, 181 halaman :btabel, gambar ;c23 cm aBibliografi: halaman 179-181 a978-623-6913-18-504223a618.2 a618.2 LIL a aCB-D.11 2022-2081 aCetakan pertama, 202231aSleman :bGosyen Publishing,c2022 2rdacontentateks 2rdamediaatanpa perantara 2rdacarrieravolume 4aIlmu kebidanan0 aMistika Indrianiepengarang0 aNova Yulitaepengarang0 aDewi SartikaSiagianepenyunting2 aAnd Gpeilustrator aYOPDYOG aCB-D.11/2022-2081 aCB-D.11/2022-2081